[Event "Kandidatklassen 2014"]
[Site "Skorping"]
[Date "2014.04.21"]
[Round "7"]
[White "Matthiesen, Martin"]
[Black "Korley, Kassa"]
[Result "1/2-1/2"]
[WhiteElo "2300"]
[BlackElo "2335"]
[PlyCount "66"]
[EventDate "2014.??.??"]

1. d4 Nf6 2. c4 e6 3. Nc3 d5 4. cxd5 exd5 5. Bg5 Bb4 6. e3 h6 7. Bh4 g5 8. Bg3
Ne4 9. Qc2 h5 10. f3 Nxg3 11. hxg3 Be6 12. Bd3 c5 13. a3 Bxc3+ 14. Qxc3 cxd4
15. Qxd4 Ke7 16. Qb4+ Qd6 17. Qxd6+ Kxd6 18. O-O-O Nc6 19. Ne2 Rac8 20. Nc3 Ke7
21. Bc2 Rcd8 22. Ne2 Ne5 23. b3 a5 24. Nc3 h4 25. gxh4 Rxh4 26. Rxh4 gxh4 27.
b4 Nc4 28. Rd3 axb4 29. axb4 Nxe3 30. Rxe3 d4 31. Rd3 dxc3 32. Rxd8 Kxd8 33.
Be4 b6 1/2-1/2

[Event "Kandidatklassen 2014"]
[Site "Skorping"]
[Date "2014.04.21"]
[Round "7"]
[White "Ochsner, Bjorn Moller"]
[Black "Mikkelsen, Nikolaj"]
[Result "1/2-1/2"]
[WhiteElo "2287"]
[BlackElo "2412"]
[PlyCount "72"]
[EventDate "2014.??.??"]

1. e4 c5 2. Nf3 d6 3. d4 cxd4 4. Nxd4 Nf6 5. Nc3 a6 6. Bg5 e6 7. f4 h6 8. Bh4
Be7 9. Qf3 Nbd7 10. O-O-O Qc7 11. g4 g5 12. fxg5 Ne5 13. Qg3 Nfxg4 14. gxh6
Bxh4 15. Qxh4 Qe7 16. Qg3 Qg5+ 17. Rd2 Qe3 18. Nb3 Qxg3 19. hxg3 Ke7 20. Be2
Rxh6 21. Rhd1 Ne3 22. Re1 Bd7 23. Na5 Ra7 24. Bd1 Nxd1 25. Rexd1 b6 26. Nb3 Nc4
27. Rd4 Rc7 28. Nd2 Ne5 29. Nb3 Rc6 30. R4d2 Rg6 31. Nd4 Rc8 32. Nde2 Nc4 33.
Rd3 Rc6 34. Nd4 Rc8 35. Nde2 Rc6 36. Nd4 Rc8 1/2-1/2

[Event "Kandidatklassen 2014"]
[Site "Skorping"]
[Date "2014.04.21"]
[Round "7"]
[White "Petersen, Tom Petri"]
[Black "Strange, Mikkel"]
[Result "1/2-1/2"]
[WhiteElo "2282"]
[BlackElo "2355"]
[PlyCount "123"]
[EventDate "2014.??.??"]

1. Nf3 d5 2. g3 c5 3. Bg2 Nc6 4. O-O e5 5. d3 f6 6. c4 dxc4 7. dxc4 Be6 8. Qa4
Qa5 9. Qxa5 Nxa5 10. b3 Ne7 11. Rd1 Nec6 12. Nc3 Be7 13. Nd5 Rd8 14. Ba3 Bxd5
15. cxd5 Nd4 16. Nxd4 exd4 17. Bc1 b6 18. e3 dxe3 19. Bxe3 Bd6 20. Bf1 Kd7 21.
Rac1 Nb7 22. Ba6 Rb8 23. Re1 Kd8 24. Bb5 Rc8 25. Bd2 Rc7 26. Bc6 Kc8 27. Re6
Be5 28. b4 Nd8 29. Re8 Rxe8 30. Bxe8 cxb4 31. Rxc7+ Kxc7 32. Bxb4 Bd6 33. Bd2
a5 34. h4 Be5 35. Be3 Nb7 36. h5 Nd6 37. Bc6 Nf5 38. Bb5 Nd6 39. Bc6 b5 40. Kf1
b4 41. Ke2 Ne4 42. Bd2 f5 43. Ba4 Kd6 44. Bb3 Kc5 45. h6 gxh6 46. Bxh6 a4 47.
Bc2 Kxd5 48. Bd2 Bc3 49. Bc1 a3 50. f3 Nd6 51. g4 Nb5 52. Be3 f4 53. Bxf4 Nd4+
54. Kd1 b3 55. Bb1 Nc6 56. Bxh7 bxa2 57. Bg8+ Kd4 58. Bxa2 Nb4 59. Bb3 a2 60.
Bxa2 Nxa2 61. Bd2 Kd3 62. Bxc3 1/2-1/2

[Event "Kandidatklassen 2014"]
[Site "Skorping"]
[Date "2014.04.21"]
[Round "7"]
[White "Schou Moldt, Thomas"]
[Black "Jorgensen, Brian Jorgen"]
[Result "0-1"]
[WhiteElo "2207"]
[BlackElo "2274"]
[PlyCount "80"]
[EventDate "2014.??.??"]

1. e4 e6 2. d4 d5 3. Nd2 Nf6 4. e5 Nfd7 5. Bd3 c5 6. c3 b6 7. Ne2 Ba6 8. Bxa6
Nxa6 9. Nf3 Be7 10. O-O Nc7 11. g3 b5 12. h4 h6 13. Kg2 b4 14. Rh1 bxc3 15.
bxc3 Nb6 16. Nf4 Qd7 17. dxc5 Bxc5 18. a4 Nc4 19. Nd3 Be7 20. Nd4 O-O 21. Qh5
Kh7 22. g4 f6 23. exf6 Bxf6 24. g5 e5 25. gxf6 exd4 26. cxd4 Rxf6 27. Rh3 Rf5
28. Qd1 Ne6 29. Rg3 Raf8 30. Ra2 Qf7 31. Qe1 Nxd4 32. f4 Re8 33. Qf2 Re4 34.
Bb2 Ne6 35. Bc1 Qh5 36. Rf3 Nd4 37. Rg3 Rf7 38. Kh3 Ne2 39. Rf3 Nxc1 40. Nxc1
Ne5 0-1

[Event "Kandidatklassen 2014"]
[Site "Skorping"]
[Date "2014.04.21"]
[Round "7"]
[White "Thogersen, Rasmus"]
[Black "Dreisler, Tobias"]
[Result "1-0"]
[WhiteElo "2122"]
[BlackElo "2093"]
[PlyCount "93"]
[EventDate "2014.??.??"]

1. e4 c5 2. Nf3 d6 3. d4 cxd4 4. Qxd4 Bd7 5. c4 Nc6 6. Qd2 Nf6 7. Nc3 g6 8. b3
Bg7 9. Bb2 O-O 10. Be2 Qa5 11. Rb1 a6 12. a3 b5 13. b4 Qb6 14. Nd5 Nxd5 15.
cxd5 Ne5 16. Nxe5 Bxe5 17. Bxe5 dxe5 18. O-O Rac8 19. Qb2 f6 20. Rbc1 Rfd8 21.
Rfd1 h5 22. Rd3 Kg7 23. Qd2 Rxc1+ 24. Qxc1 Rc8 25. Rc3 Rxc3 26. Qxc3 Kf8 27.
Qc5 Qb7 28. g3 Bh3 29. f3 Bc8 30. Kf2 Kf7 31. Bd1 Ke8 32. Ke3 Bd7 33. Bb3 Kd8
34. f4 Qc7 35. h4 Qb8 36. Bc2 exf4+ 37. gxf4 g5 38. hxg5 fxg5 39. e5 h4 40. Qd4
Qc8 41. Qb6+ Ke8 42. Qg6+ Kf8 43. Qh6+ Kg8 44. Bh7+ Kh8 45. Bg6+ Kg8 46. Qh7+
Kf8 47. Qh8# 1-0

[Event "Kandidatklassen 2014"]
[Site "Skorping"]
[Date "2014.04.21"]
[Round "7"]
[White "Thuesen, Mogens Henrik"]
[Black "Lauridsen, Jesper Morch"]
[Result "1-0"]
[WhiteElo "2209"]
[BlackElo "2239"]
[PlyCount "71"]
[EventDate "2014.??.??"]

1. d4 d5 2. Nf3 Nf6 3. Bg5 Ne4 4. Bf4 c6 5. e3 Qb6 6. Qc1 Bf5 7. Bd3 Nd7 8. O-O
f6 9. Nh4 Be6 10. f3 g5 11. fxe4 dxe4 12. Bxe4 gxf4 13. Nc3 Bh6 14. Qd1 O-O-O
15. exf4 Ne5 16. Qh5 Qxd4+ 17. Kh1 Ng4 18. Nf5 Nf2+ 19. Rxf2 Qxf2 20. Qxh6 Bxf5
21. Bxf5+ Kb8 22. Bd3 Rxd3 23. cxd3 Qxb2 24. Rb1 Qxc3 25. Qg7 Rc8 26. Qxe7 b5
27. Qd6+ Kb7 28. h3 a5 29. d4 Rc7 30. d5 Qc2 31. dxc6+ Rxc6 32. Rxb5+ Ka6 33.
Qb8 Qd1+ 34. Kh2 Qd7 35. Rb3 Qa7 36. Qb5# 1-0

[Event "Kandidatklassen 2014"]
[Site "Skorping"]
[Date "2014.04.21"]
[Round "7"]
[White "Thybo, Jesper Sondergaard"]
[Black "Bjerre, Tavs"]
[Result "1/2-1/2"]
[WhiteElo "2123"]
[BlackElo "2053"]
[PlyCount "48"]
[EventDate "2014.??.??"]

1. d4 d5 2. c4 dxc4 3. e4 Nf6 4. e5 Nd5 5. Bxc4 Nb6 6. Bd3 Nc6 7. Be3 Nb4 8.
Be4 f5 9. exf6 exf6 10. Nc3 f5 11. Bb1 Bd6 12. Nf3 Be6 13. O-O O-O 14. Re1 N4d5
15. Bd2 Nxc3 16. bxc3 Qf6 17. Bd3 c5 18. dxc5 Bxc5 19. Bf4 Bd5 20. Ne5 Rad8 21.
Qc2 g5 22. Be3 Rc8 23. Qd2 h6 24. Rab1 Rfd8 1/2-1/2